000 00401nam a2200181Ia 4500
001 7355
005 20260306160449.0
008 260306t2006||||xx |||||||||||||| ||spa||
041 _aESP
082 _a338.6
_bF41
100 _aFernández-Baca, Jorge
_eAUT
245 0 _aOrganización industrial
260 _c2006
300 _a
_c
650 _aGEN
654 _aCAN
942 _cLIB
_dJUS
_fJUS
_2ddc
_n
999 _c7355
_d7355